[Event "London Classic op"]
[Site "London"]
[Date "2009.12.15"]
[Round "9"]
[White "Tenioso, Jaydee"]
[Black "Lie, Terje"]
[Result "0-1"]
[WhiteElo "1861"]
[BlackElo "1666"]
[PlyCount "48"]
[EventDate "2009.12.08"]
[EventType "swiss"]
[EventRounds "9"]
[EventCountry "ENG"]
[SourceTitle "CBM 133 Extra"]
[Source "ChessBase"]
[SourceDate "2010.01.05"]
[SourceVersion "1"]
[SourceVersionDate "2010.01.05"]
[SourceQuality "1"]

1. d4 Nf6 2. Nf3 e6 3. Bg5 Be7 4. e3 d5 5. Bd3 Ne4 6. Bxe7 Qxe7 7. Nbd2 Nf6 8. Ne5 Nbd7 9. f4 c5 10. c3 cxd4 11. exd4 Nb6 12. 0-0 Bd7 13. a4 0-0 14. g4 Be8 15. g5 Nfd7 16. Nxd7 Bxd7 17. a5 Nc8 18. Qh5 g6 19. Qh4 Nd6 20. Rf3 f6 21. Re1 Qg7 22. Qf2 f5 23. Rfe3 Ne4 24. Nf3 Nxf2 0-1

[Event "London Classic op"]
[Site "London"]
[Date "2009.12.11"]
[Round "5"]
[White "Tenioso, Jaydee"]
[Black "Doran, Chris"]
[Result "0-1"]
[WhiteElo "1861"]
[BlackElo "1963"]
[PlyCount "47"]
[EventDate "2009.12.08"]
[EventType "swiss"]
[EventRounds "9"]
[EventCountry "ENG"]
[SourceTitle "CBM 133 Extra"]
[Source "ChessBase"]
[SourceDate "2010.01.05"]
[SourceVersion "1"]
[SourceVersionDate "2010.01.05"]
[SourceQuality "1"]

1. d4 Nf6 2. Nf3 g6 3. c3 Bg7 4. Bg5 d6 5. Nbd2 c5 6. e3 0-0 7. Bd3 b6 8. Qe2 Bb7 9. h4 h5 10. 0-0-0 Nbd7 11. Rhg1 Rc8 12. Kb1 cxd4 13. exd4 b5 14. Nh2 Bd5 15. g4 Nxg4 16. Nxg4 hxg4 17. Bxe7 Qa5 18. c4 bxc4 19. Nxc4 Bxc4 20. Bxc4 Rfe8 21. Rde1 d5 22. b4 Qb6 23. Rxg4 Rxc4 24. Qd2 0-1

[Event "London Classic op"]
[Site "London"]
[Date "2009.12.10"]
[Round "3"]
[White "Tenioso, Jaydee"]
[Black "Bratteteig, Tore Inge"]
[Result "1-0"]
[WhiteElo "1861"]
[BlackElo "1679"]
[PlyCount "93"]
[EventDate "2009.12.08"]
[EventType "swiss"]
[EventRounds "9"]
[EventCountry "ENG"]
[SourceTitle "CBM 133 Extra"]
[Source "ChessBase"]
[SourceDate "2010.01.05"]
[SourceVersion "1"]
[SourceVersionDate "2010.01.05"]
[SourceQuality "1"]

1. d4 d5 2. e3 Nf6 3. Bd3 e6 4. Nd2 c5 5. c3 Nc6 6. f4 c4 7. Bc2 b5 8. a3 a5 9. Ngf3 Bd6 10. Ne5 Bb7 11. 0-0 0-0 12. Qf3 b4 13. g4 b3 14. Bb1 Bxe5 15. fxe5 Ne8 16. Qh3 g6 17. Qh6 f5 18. gxf5 exf5 19. Nf3 Qe7 20. Ng5 Qg7 21. Qh4 Nc7 22. Bd2 Rae8 23. Kh1 Ne6 24. Nxe6 Rxe6 25. Rg1 Qe7 26. Qf2 Qf7 27. h3 Nd8 28. Kh2 Kh8 29. Qh4 Qe7 30. Qg5 Qf7 31. Qf4 Re7 32. Be1 Ne6 33. Qh6 Qg7 34. Qh4 Qf7 35. Rxg6 Qxg6 36. Qxe7 Rf7 37. Qe8+ Nf8 38. Bh4 Qh5 39. Bf6+ Kg8 40. Bd3 cxd3 41. Rg1+ Qg6 42. Rxg6+ hxg6 43. Qb5 Nd7 44. e6 Rxf6 45. exd7 Rd6 46. Qxb7 d2 47. Qxb3 1-0

[Event "London Classic op"]
[Site "London"]
[Date "2009.12.09"]
[Round "2"]
[White "Roberts, David Llewelyn"]
[Black "Tenioso, Jaydee"]
[Result "1-0"]
[WhiteElo "2047"]
[BlackElo "1861"]
[PlyCount "35"]
[EventDate "2009.12.08"]
[EventType "swiss"]
[EventRounds "9"]
[EventCountry "ENG"]
[SourceTitle "CBM 133 Extra"]
[Source "ChessBase"]
[SourceDate "2010.01.05"]
[SourceVersion "1"]
[SourceVersionDate "2010.01.05"]
[SourceQuality "1"]

1. e4 d5 2. exd5 Nf6 3. Nf3 Bg4 4. Bb5+ Nbd7 5. c4 a6 6. Ba4 b5 7. cxb5 Nxd5 8. Nc3 Nf4 9. 0-0 Qb8 10. d4 g5 11. Re1 Rg8 12. Re3 f6 13. Qb3 Rg6 14. bxa6 Qxb3 15. axb3 Kf7 16. Bc6 Rxa6 17. Rxa6 f5 18. Bb5 1-0